Music Quiz

Random Music or Billboard Quiz

Billboard Top Albums 2008 Quiz Stats

 Plays Quiz Updated Dec 26, 2018

     
Support Sporcle.
Go Orange.
Score 0/20 Timer 05:00
4 Plays Today
Rank Artist % Correct
7Coldplay
88.8%
3Lil Wayne
69.1%
17Rihanna
54.4%
18Mariah Carey
49.5%
19T.I.
48.1%
6Kid Rock
28%
8Carrie Underwood
27.6%
14Jonas Brothers
27%
20Jonas Brothers
27%
13Metallica
26.3%
Rank Artist % Correct
10Chris Brown
22.6%
5Taylor Swift
22.6%
12AC/DC
22%
1Alicia Keys
19.1%
11Jack Johnson
17.5%
16Leona Lewis
15.4%
2Josh Groban
14.4%
15Colbie Caillat
14.1%
4Eagles
10.8%
9Mary J. Blige
6.2%

From the Vault

Click the Poison Pokémon (Gen. 1)

by beforever

Gaming 4m
Just don't let the toxicity of the players get to you, though.
Remove Ads.
Support Sporcle.
Get the best of Sporcle when you Go Orange. This ad-free experience offers more features, more stats, and more fun while also helping to support Sporcle. Thank you for becoming a member.

Show Comments

Extras

Top Quizzes Today


Score Distribution

Your Account Isn't Verified!

In order to create a playlist on Sporcle, you need to verify the email address you used during registration. Go to your Sporcle Settings to finish the process.

Report this User

Report this user for behavior that violates our Community Guidelines.

Details: